[Event "World Corporate East D"]
[Site "Chess.com INT"]
[Date "2021.02.20"]
[Round "5.14"]
[White "Akhrass, Roland"]
[Black "Devendra, Kumar"]
[Result "0-1"]
[WhiteElo "1930"]
[BlackElo "2072"]
[PlyCount "144"]
[EventDate "2021.02.19"]
[EventType "team (rapid)"]
[EventRounds "7"]
[EventCountry "USA"]
[SourceTitle "EXT 2022"]
[Source "ChessBase"]
[SourceDate "2021.10.06"]
[SourceVersion "1"]
[SourceVersionDate "2021.10.06"]
[SourceQuality "1"]
[WhiteTeam "Gulf Business Machines"]
[BlackTeam "Technicolor"]
[WhiteTeamCountry "OMN"]
[BlackTeamCountry "IND"]

1. e4 e6 2. d4 d5 3. exd5 exd5 4. c4 Nf6 5. Nc3 Bb4 6. Bd3 dxc4 7. Bxc4 0-0 8. Nge2 Nc6 9. 0-0 h6 10. Qd3 Bg4 11. f3 Bd7 12. Qg6 Ne7 13. Qg3 Nf5 14. Qf2 Nd6 15. Bb3 Bf5 16. g4 Bd3 17. Rd1 Bxe2 18. Nxe2 Nh7 19. h4 a5 20. Qg2 a4 21. Bc2 Re8 22. g5 h5 23. g6 fxg6 24. Qxg6 Nf8 25. Qg2 Nf7 26. Nf4 Qxh4 27. Ng6 Re1+ 28. Rxe1 Qxe1+ 29. Kh2 Bd6+ 30. f4 Nxg6 31. Bxg6 Re8 32. Bxh5 Qh4+ 33. Qh3 Qf2+ 34. Qg2 Qxd4 35. Bd2 Bxf4+ 36. Bxf4 Qxf4+ 37. Qg3 Qxg3+ 38. Kxg3 Re5 39. Bf3 b5 40. Rc1 c5 41. Bc6 c4 42. Kf3 Rc5 43. Be4 b4 44. b3 axb3 45. axb3 c3 46. Bd3 Ne5+ 47. Ke4 Nxd3 48. Kxd3 Kf7 49. Kd4 Rc7 50. Kd3 g5 51. Kc2 Kg6 52. Rd1 Ra7 53. Rd4 Rb7 54. Rc4 Kh5 55. Kd3 g4 56. Ke3 Kh4 57. Kf2 Rf7+ 58. Kg2 Rb7 59. Kg1 Rb5 60. Kg2 Rb7 61. Kg1 Kg3 62. Rd4 Kf3 63. Rd3+ Ke4 64. Rg3 Rg7 65. Rg2 g3 66. Kf1 Kd3 67. Ke1 c2 68. Rd2+ Kc3 69. Ke2 c1Q 70. Rd3+ Kb2 71. Rd2+ Qxd2+ 72. Kxd2 g2 0-1